000 00577nam a2200145Ia 4500
008 260210s9999 xx 000 0 und d
024 _a05B-014-CE, 08B-018-CE & 08B-023-CE
082 _a629.8072 KHA
100 _aMuhammad Imran Khan, Waleed Khaliq & Muhammad Umair
245 0 _aHome appliances Control System Through IR/GSM
260 _aKarachi:
_bUITU,
_c2008
600 _aComputer System Engineering
650 _aBachelor of Engineering (BE)
856 _uhttps://drive.google.com/file/d/1-L4W5IFYYd8zhqMkxeRnHULuE50oyIbH/view?usp=sharing
_yClick here for PDF
999 _c32745
_d32745